Ładuje się......
Contemporary Advertising
| 1. autor: | |
|---|---|
| Format: | Printed Book |
| Język: | Undetermined English |
| Wydane: |
New York
Mc Graw Hill
2006
|
| Wydanie: | 10 |
| LEADER | 00536nam a2200181Ia 4500 | ||
|---|---|---|---|
| 008 | 140306s9999 xx 000 0 und d | ||
| 020 | |a 9780071115377 | ||
| 041 | |a eng | ||
| 082 | |a 659.1 |b ARE/CO | ||
| 100 | |a William, F.Arens | ||
| 245 | |a Contemporary Advertising | ||
| 250 | |a 10 | ||
| 260 | |a New York |b Mc Graw Hill |c 2006 | ||
| 300 | |a 614 | ||
| 365 | |b Rs.1609.23/- | ||
| 942 | |2 ddc |c BK | ||
| 999 | |c 188104 |d 188104 | ||
| 952 | |0 0 |1 0 |2 ddc |4 0 |6 659_100000000000000_ARE_CO |7 0 |9 194244 |a KAUCBV |b KAUCBV |g 1609.23 |o 659.1 ARE/CO |r 2014-03-22 |w 2014-03-22 |y BK | ||